[Event "Titled Tuesday intern op 16th Apr Early"]
[Site "Chess.com INT"]
[Date "2024.04.16"]
[Round "4"]
[White "Lukovic, Vladimir"]
[Black "Lebedev, Artem S"]
[Result "1/2-1/2"]
[WhiteElo "2440"]
[BlackElo "1987"]
[PlyCount "166"]
[EventDate "2024.04.16"]
[EventType "swiss (blitz)"]
[EventRounds "11"]
[EventCountry "USA"]
[SourceTitle "CB17_2024"]
[SourceDate "2024.04.24"]
[SourceVersion "1"]
[SourceVersionDate "2024.04.24"]
[SourceQuality "1"]

1. e4 c5 2. Nf3 e6 3. d4 cxd4 4. Nxd4 Nc6 5. Nc3 Qc7 6. Ncb5 Qb8 7. Bd3 Nxd4 8. Nxd4 Bc5 9. Nb3 Bb6 10. Qg4 Qe5 11. c3 Nf6 12. Qe2 Qb8 13. e5 Nd5 14. Bd2 a5 15. Nd4 a4 16. Nb5 0-0 17. c4 Ne7 18. Bb4 Ba5 19. Bxa5 Rxa5 20. f4 b6 21. 0-0 Ba6 22. Nd6 f5 23. b4 axb3 24. axb3 Nc8 25. Nxc8 Rxc8 26. b4 Rxa1 27. Rxa1 Bb7 28. Qe3 Qc7 29. Be2 h6 30. h3 Ra8 31. Rxa8+ Bxa8 32. Kh2 Bc6 33. Qd4 Qb7 34. Bf1 Qc7 35. g4 g6 36. gxf5 gxf5 37. Qg1+ Kh7 38. Be2 Qd8 39. Bh5 Qg8 40. Qg3 Qg7 41. Qxg7+ Kxg7 42. Kg3 Kf8 43. Kf2 Ke7 44. Ke3 d6 45. Kd4 b5 46. c5 d5 47. Be2 Kf8 48. Bh5 Ke7 49. Ke3 Kf8 50. Kf2 Ke7 51. Kg3 Kf8 52. Kh4 Kg7 53. Be2 Bd7 54. c6 Bxc6 55. Kg3 Kf8 56. Kf3 d4+ 57. Kf2 Ke7 58. Ke1 Kd7 59. Kd2 Be4 60. Bxb5+ Kc7 61. Bc4 Kb6 62. Bxe6 Kb5 63. Bf7 Kxb4 64. e6 Bd5 65. Bg8 Bc6 66. e7 Be8 67. Be6 Kc5 68. Bxf5 Kd6 69. Kd3 Kxe7 70. Kxd4 Kf6 71. Bc8 Bg6 72. Ke3 Bc2 73. Kf3 Bg6 74. Kg4 Bf7 75. Bb7 Be6+ 76. Kh4 Bf7 77. Be4 Be8 78. Bf3 Bf7 79. Bg4 Be8 80. Bh5 Bd7 81. Kg3 Bf5 82. Bg4 Bg6 83. Kh4 Bf7 1/2-1/2

[Event "Titled Tuesday intern op 13th Feb Late"]
[Site "Chess.com INT"]
[Date "2024.02.13"]
[Round "4"]
[White "Lebedev, Artem S"]
[Black "Weldegebriel Beraki, Kibrom"]
[Result "0-1"]
[WhiteElo "1979"]
[BlackElo "1808"]
[PlyCount "92"]
[EventDate "2024.02.13"]
[EventType "swiss (blitz)"]
[EventRounds "11"]
[EventCountry "USA"]
[SourceTitle "CB08_2024"]
[SourceDate "2024.02.21"]
[SourceVersion "1"]
[SourceVersionDate "2024.02.21"]
[SourceQuality "1"]

1. e4 e5 2. Nf3 Nc6 3. Bb5 Nf6 4. 0-0 a6 5. Ba4 b5 6. Bb3 d6 7. c3 Be7 8. Re1 0-0 9. h3 Nb8 10. d4 Nbd7 11. Nbd2 Bb7 12. Bc2 Re8 13. Nf1 Bf8 14. Ng3 g6 15. a4 Bg7 16. d5 c6 17. dxc6 Bxc6 18. Qxd6 Qc8 19. Bg5 Qb7 20. axb5 axb5 21. Bxf6 Bxf6 22. Bb3 Rad8 23. Qd1 Nc5 24. Qc2 Nd3 25. Red1 Bxe4 26. Nxe4 Qxe4 27. Ra7 Re7 28. Rxe7 Bxe7 29. Nxe5 Qxe5 30. Rxd3 Rxd3 31. Qxd3 Bd6 32. g3 Qe1+ 33. Kg2 Bc5 34. Qf3 Qe7 35. Bd5 h5 36. b4 Ba7 37. h4 Qc7 38. Bc6 Qb6 39. Bd5 Qc7 40. Be4 Bb6 41. Bc2 Qe7 42. Bb3 Bc7 43. Qd3 Qf6 44. Qf3 Qxf3+ 45. Kxf3 Be5 46. c4 bxc4 0-1

[Event "Titled Tuesday intern op 09th Jan Early"]
[Site "Chess.com INT"]
[Date "2024.01.09"]
[Round "2"]
[White "Vela Frago, Alberto"]
[Black "Lebedev, Artem S"]
[Result "1-0"]
[WhiteElo "2310"]
[BlackElo "1979"]
[PlyCount "53"]
[EventDate "2024.01.09"]
[EventType "swiss (blitz)"]
[EventRounds "11"]
[EventCountry "USA"]
[SourceTitle "CB03_2024"]
[SourceDate "2024.01.17"]
[SourceVersion "1"]
[SourceVersionDate "2024.01.17"]
[SourceQuality "1"]

1. e4 c5 2. Nf3 e6 3. d3 Nc6 4. g3 g6 5. Bg2 Bg7 6. 0-0 Nge7 7. c3 e5 8. Na3 0-0 9. Be3 d6 10. Qd2 f5 11. Bh6 f4 12. Bxg7 Kxg7 13. h3 h6 14. d4 b6 15. Rad1 Qc7 16. Nb5 Qb8 17. dxe5 dxe5 18. Qd6 Ba6 19. a4 Qxd6 20. Rxd6 g5 21. Rfd1 Rac8 22. Rd7 Kf6 23. R1d6+ Kf7 24. Nxa7 Nxa7 25. Nxe5+ Ke8 26. Rxa7 fxg3 27. fxg3 1-0

[Event "Titled Tuesday intern op 14th Nov Early"]
[Site "Chess.com INT"]
[Date "2023.11.14"]
[Round "1"]
[White "Causo, Deniel"]
[Black "Lebedev, Artem S"]
[Result "0-1"]
[WhiteElo "2224"]
[BlackElo "2033"]
[PlyCount "120"]
[EventDate "2023.11.14"]
[EventType "swiss (blitz)"]
[EventRounds "11"]
[EventCountry "USA"]
[SourceTitle "CB47_2023"]
[SourceDate "2023.11.22"]
[SourceVersion "1"]
[SourceVersionDate "2023.11.22"]
[SourceQuality "1"]

1. e4 e5 2. Nf3 Nc6 3. Nc3 Nf6 4. d4 exd4 5. Nxd4 Bb4 6. Nxc6 bxc6 7. Bd3 0-0 8. 0-0 d5 9. exd5 cxd5 10. Bg5 c6 11. Na4 h6 12. Bh4 Bd6 13. c4 d4 14. Re1 c5 15. b3 Rb8 16. Qd2 Bb7 17. Bg3 Bxg3 18. hxg3 Qd6 19. Qf4 Qc6 20. f3 Rfe8 21. g4 Nd7 22. Qf5 g6 23. Qf4 Kg7 24. Kf2 Qf6 25. Qc7 Ne5 26. Nxc5 Bxf3 27. Rxe5 Bxg4+ 28. Kg3 Qxe5+ 29. Qxe5+ Rxe5 30. Na6 Rbe8 31. Kxg4 h5+ 32. Kh4 g5+ 33. Kxh5 Rh8+ 34. Kg4 Rh4+ 35. Kf3 Re3+ 36. Kf2 Rxd3 37. Nc5 Rc3 38. Rd1 Rc2+ 39. Kg3 f5 40. a4 Rg4+ 41. Kf3 Rc3+ 42. Kf2 Rc2+ 43. Kf3 Rgxg2 44. Ne6+ Kf6 45. Nxd4 Rcf2+ 46. Ke3 Rb2 47. Rf1 Rg3+ 48. Rf3 Rxf3+ 49. Kxf3 Ke5 50. Nc6+ Kd6 51. Nxa7 Rxb3+ 52. Kf2 Rb4 53. Nb5+ Kc5 54. Nc7 g4 55. a5 Kxc4 56. a6 Ra4 57. Kg3 Ra3+ 58. Kf4 g3 59. a7 Rxa7 60. Ne6 g2 0-1

[Event "Titled Tuesday intern op 14th Nov Early"]
[Site "Chess.com INT"]
[Date "2023.11.14"]
[Round "6"]
[White "Lebedev, Artem S"]
[Black "Yaniuk, Volodymyr"]
[Result "1/2-1/2"]
[WhiteElo "2033"]
[BlackElo "2223"]
[PlyCount "169"]
[EventDate "2023.11.14"]
[EventType "swiss (blitz)"]
[EventRounds "11"]
[EventCountry "USA"]
[SourceTitle "CB47_2023"]
[SourceDate "2023.11.22"]
[SourceVersion "1"]
[SourceVersionDate "2023.11.22"]
[SourceQuality "1"]

1. e4 e5 2. Nf3 Nc6 3. Bb5 a6 4. Ba4 Nf6 5. 0-0 Be7 6. d3 b5 7. Bb3 d6 8. c3 0-0 9. Re1 Nb8 10. Nbd2 Nbd7 11. Nf1 Bb7 12. Ng3 g6 13. Bh6 Re8 14. h3 Bf8 15. Qd2 c5 16. Rad1 d5 17. Bxf8 Nxf8 18. exd5 Bxd5 19. Nxe5 Bxb3 20. axb3 Qd5 21. c4 Qd6 22. Nf3 Ne6 23. Qh6 Rad8 24. Ne4 Nxe4 25. Rxe4 Qf8 26. Qxf8+ Kxf8 27. Kf1 Rd6 28. g3 bxc4 29. bxc4 Rb8 30. Rd2 Rdb6 31. Ree2 Rd8 32. Ke1 Rb3 33. Re3 Rdb8 34. Ree2 Rd8 35. Re3 a5 36. Kd1 a4 37. Kc1 h6 38. h4 a3 39. bxa3 Rxa3 40. Kd1 Kg7 41. Ke2 Ra1 42. Rb2 Rd7 43. Rd2 Kf6 44. Rb2 g5 45. hxg5+ hxg5 46. Ne5 Rda7 47. Kf3 R1a2 48. Rxa2 Rxa2 49. Kg2 Rd2 50. Nd7+ Ke7 51. Nxc5 g4 52. Nxe6 fxe6 53. Kg1 Kf6 54. Kf1 Kf5 55. Ke1 Rc2 56. Re2 Rc1+ 57. Kd2 Ra1 58. Ke3 Rc1 59. Rb2 e5 60. c5 Re1+ 61. Kd2 Rf1 62. Ke2 Rc1 63. Rb5 Rc2+ 64. Ke3 Ke6 65. Ra5 Kf5 66. d4 exd4+ 67. Kxd4 Rxf2 68. c6+ Ke6 69. Kc5 Ke5 70. Kb6+ Kd6 71. c7 Rb2+ 72. Rb5 Rxb5+ 73. Kxb5 Kxc7 74. Kc5 Kd7 75. Kd5 Ke7 76. Ke5 Kf7 77. Kf5 Kg7 78. Kxg4 Kg6 79. Kf4 Kf6 80. g4 Kg6 81. g5 Kg7 82. Kg4 Kg6 83. Kf4 Kg7 84. Kg4 Kg6 85. Kf4 1/2-1/2

[Event "Titled Tuesday intern op 14th Nov Early"]
[Site "Chess.com INT"]
[Date "2023.11.14"]
[Round "5"]
[White "Pham, Le Thao Nguyen"]
[Black "Lebedev, Artem S"]
[Result "1-0"]
[WhiteElo "2395"]
[BlackElo "2033"]
[PlyCount "151"]
[EventDate "2023.11.14"]
[EventType "swiss (blitz)"]
[EventRounds "11"]
[EventCountry "USA"]
[SourceTitle "CB47_2023"]
[SourceDate "2023.11.22"]
[SourceVersion "1"]
[SourceVersionDate "2023.11.22"]
[SourceQuality "1"]

1. d4 Nf6 2. Nf3 c5 3. c3 d5 4. Bf4 Nc6 5. e3 Qb6 6. Qb3 c4 7. Qc2 Bf5 8. Qc1 h6 9. h3 e6 10. Nbd2 Be7 11. Be2 0-0 12. 0-0 a5 13. a4 Rac8 14. Re1 Bh7 15. Bd1 Rfe8 16. Bc2 Qd8 17. e4 dxe4 18. Nxe4 Nxe4 19. Bxe4 Bxe4 20. Rxe4 Qd5 21. Qe3 Bf6 22. Re1 b5 23. Bxh6 bxa4 24. Rg4 Kf8 25. Qf4 Qf5 26. Qd6+ Ne7 27. Bf4 Red8 28. Qa3 Qb5 29. Bd6 Qb3 30. Ne5 Qxa3 31. Bxa3 Kg8 32. Re3 Nf5 33. Rf3 Bxe5 34. dxe5 Rd3 35. Rff4 Rd1+ 36. Kh2 Nh6 37. Rh4 g5 38. Rxc4 Rxc4 39. Rxc4 Nf5 40. Rxa4 Rd2 41. Kg1 Rd1+ 42. Kh2 Rd2 43. Bc5 Rxb2 44. Rxa5 Rc2 45. Bd4 Nxd4 46. cxd4 Rxf2 47. d5 exd5 48. Rxd5 Kg7 49. e6 fxe6 50. Rxg5+ Kf6 51. Rg3 Ra2 52. Rf3+ Kg6 53. Kg3 e5 54. Re3 Ra5 55. Kg4 Ra4+ 56. Kf3 Kf5 57. g4+ Kf6 58. h4 Rf4+ 59. Kg3 Ra4 60. Rf3+ Kg6 61. h5+ Kg7 62. Rf5 e4 63. Re5 Kf6 64. Re8 Kf7 65. Re5 Kf6 66. Rf5+ Kg7 67. Rf4 Ra3+ 68. Kh4 e3 69. Re4 Kh7 70. Re7+ Kh8 71. h6 Kg8 72. g5 Ra4+ 73. Kh5 Ra1 74. h7+ Kh8 75. Kh6 Ra6+ 76. g6 1-0

[Event "Titled Tuesday intern op 24th Oct Late"]
[Site "Chess.com INT"]
[Date "2023.10.24"]
[Round "4"]
[White "Dong, Bao Nghia"]
[Black "Lebedev, Artem S"]
[Result "1-0"]
[WhiteElo "2324"]
[BlackElo "2033"]
[PlyCount "51"]
[EventDate "2023.10.24"]
[EventType "swiss (blitz)"]
[EventRounds "11"]
[EventCountry "USA"]
[SourceTitle "Mega2024 Update 01"]
[Source "Chessbase"]
[SourceDate "2023.11.12"]
[SourceVersion "1"]
[SourceVersionDate "2023.11.12"]
[SourceQuality "1"]

1. d4 Nf6 2. c4 c5 3. e3 e6 4. Nf3 d5 5. Nc3 Nc6 6. cxd5 Nxd5 7. Bb5 Bd7 8. 0-0 cxd4 9. exd4 Nxc3 10. bxc3 Be7 11. Rb1 0-0 12. Bd3 Na5 13. Ne5 Rc8 14. Nxd7 Qxd7 15. Qh5 f5 16. Bd2 Nc4 17. Bf4 b6 18. Qe2 Qd5 19. Rfe1 Bd6 20. Bxc4 Rxc4 21. Bxd6 Re8 22. Be5 Rxc3 23. Rbc1 Ra3 24. Rc7 Rxa2 25. Qh5 Re7 26. Rc8+ 1-0

[Event "Dzhubga op"]
[Site "Dzhubga"]
[Date "2023.08.04"]
[Round "4"]
[White "Lebedev, Artem S"]
[Black "Zakhartsov, Vladimir"]
[Result "0-1"]
[WhiteElo "1936"]
[BlackElo "2525"]
[PlyCount "106"]
[EventDate "2023.08.01"]
[EventType "swiss"]
[EventRounds "9"]
[EventCountry "RUS"]
[SourceTitle "CBM 215 Extra"]
[Source "ChessBase"]
[SourceDate "2023.09.30"]
[SourceVersion "1"]
[SourceVersionDate "2023.09.30"]
[SourceQuality "1"]

1. e4 c5 2. Nf3 a6 3. c4 e6 4. d4 cxd4 5. Nxd4 Nf6 6. Bd3 Nc6 7. Nxc6 dxc6 8. 0-0 e5 9. Nc3 Bc5 10. a3 Be6 11. b4 Bd4 12. Bb2 0-0 13. Qc2 Qc7 14. Na4 Rad8 15. Bxd4 Rxd4 16. Nc5 Rfd8 17. Rfd1 b6 18. Nb3 R4d7 19. f3 c5 20. bxc5 bxc5 21. Be2 Rb8 22. Qc3 Rxd1+ 23. Rxd1 Nd7 24. Rb1 Qd6 25. Qd3 Qc7 26. Qc3 h6 27. Kf2 Rb6 28. Bd3 Qb8 29. Ke2 f6 30. Nd2 Bf7 31. Rxb6 Qxb6 32. Qb3 Qd6 33. Nf1 Nf8 34. Ne3 Ne6 35. Qb1 Nf4+ 36. Kd2 Qd8 37. Qb3 Be8 38. g3 Ne6 39. Nd5 Nd4 40. Qb6 Qxb6 41. Nxb6 Nxf3+ 42. Ke3 Nd4 43. Bf1 Kf8 44. Bh3 Ke7 45. Kd3 Kd8 46. Nd5 Nf3 47. Ne3 Nxh2 48. Ke2 h5 49. Kf2 Bd7 50. Bf5 Ng4+ 51. Kf3 Nxe3 52. Kxe3 g5 53. g4 hxg4 0-1

[Event "Novorossiysk Small Land Rapid op"]
[Site "Novorossiysk"]
[Date "2023.07.26"]
[Round "3"]
[White "Lebedev, Artem S"]
[Black "Makarian, Rudik"]
[Result "0-1"]
[WhiteElo "1938"]
[BlackElo "2541"]
[PlyCount "134"]
[EventDate "2023.07.26"]
[EventType "swiss (rapid)"]
[EventRounds "11"]
[EventCountry "RUS"]
[SourceTitle "CBM 215 Extra"]
[Source "ChessBase"]
[SourceDate "2023.09.30"]
[SourceVersion "1"]
[SourceVersionDate "2023.09.30"]
[SourceQuality "1"]

1. e4 c5 2. Nf3 Nc6 3. d4 cxd4 4. Nxd4 e6 5. Nc3 a6 6. Nxc6 bxc6 7. e5 Qc7 8. Bf4 Rb8 9. Ne4 f5 10. Nd6+ Bxd6 11. Qxd6 Qxd6 12. exd6 Nf6 13. Bd3 Kf7 14. Be5 c5 15. f3 Bb7 16. 0-0-0 Nd5 17. Rhg1 Nb4 18. a3 Nxd3+ 19. Rxd3 Rhg8 20. Rc3 Rbc8 21. Rb3 Bc6 22. Rb6 a5 23. Ra6 a4 24. Ra5 c4 25. f4 g5 26. g3 gxf4 27. Bxf4 h5 28. h4 Rb8 29. Rc5 Rb5 30. Rxb5 Bxb5 31. Re1 Bc6 32. Re5 Bd5 33. Bg5 Rc8 34. Kd2 Rc6 35. Be7 c3+ 36. bxc3 Rc4 37. Bg5 Rc6 38. Be7 Rb6 39. c4 Bxc4 40. Rc5 Bd5 41. Rc7 Bc6 42. Rc8 Rb5 43. Rf8+ Kg7 44. Rc8 Rd5+ 45. Ke3 Rd1 46. Ke2 Rd4 47. Ke3 Rc4 48. Kd3 Rc5 49. Kd2 e5 50. Rf8 Be4 51. c3 Rd5+ 52. Ke2 Rd3 53. Rd8 Kf7 54. Rxd7 Ke6 55. Rd8 Rxg3 56. c4 f4 57. c5 Rg2+ 58. Kf1 f3 59. Rf8 Bd3+ 60. Ke1 Re2+ 61. Kf1 e4 62. Rf6+ Kd7 63. Rf7 Bc4 64. Rf6 Rg2+ 65. Ke1 e3 66. c6+ Kxc6 67. d7+ Kxd7 0-1

[Event "Novorossiysk Small Land op"]
[Site "Novorossiysk"]
[Date "2023.07.23"]
[Round "7"]
[White "Saidov, Bilukhadzh"]
[Black "Lebedev, Artem S"]
[Result "1-0"]
[WhiteElo "2318"]
[BlackElo "1938"]
[PlyCount "81"]
[EventDate "2023.07.17"]
[EventType "swiss"]
[EventRounds "9"]
[EventCountry "RUS"]
[SourceTitle "CBM 215 Extra"]
[Source "ChessBase"]
[SourceDate "2023.09.30"]
[SourceVersion "1"]
[SourceVersionDate "2023.09.30"]
[SourceQuality "1"]

1. d4 Nf6 2. Nf3 c5 3. c3 d5 4. Bf4 Nc6 5. e3 Qb6 6. Qb3 c4 7. Qc2 Bf5 8. Qc1 h6 9. Nbd2 e6 10. b3 Qa5 11. a4 cxb3 12. Nxb3 Qb6 13. Qb2 a5 14. Bb5 Be7 15. 0-0 0-0 16. h3 Ne4 17. Rfc1 Rfc8 18. Nfd2 Nxd2 19. Nxd2 Na7 20. c4 Bb4 21. c5 Qd8 22. Nf3 f6 23. Be2 Nc6 24. Bd6 b6 25. Qb3 bxc5 26. dxc5 Be4 27. Nd4 Nxd4 28. exd4 Bg6 29. Qe3 Bf7 30. Bb5 e5 31. dxe5 fxe5 32. Qxe5 Qh4 33. Bd7 Bd2 34. Rd1 Rd8 35. Be7 Qc4 36. Bxd8 Bf4 37. Qd4 Qxd4 38. Rxd4 Be5 39. Rdd1 Rxd8 40. c6 Bxa1 41. Rxa1 1-0

[Event "Anapa Sea Harbor op"]
[Site "Anapa"]
[Date "2023.06.08"]
[Round "7"]
[White "Lebedev, Artem S"]
[Black "Zhukov, Konstantin"]
[Result "1-0"]
[WhiteElo "1872"]
[BlackElo "1539"]
[PlyCount "65"]
[EventDate "2023.06.02"]
[EventType "swiss"]
[EventRounds "9"]
[EventCountry "RUS"]
[SourceTitle "CBM 214 Extra"]
[Source "ChessBase"]
[SourceDate "2023.07.31"]
[SourceVersion "1"]
[SourceVersionDate "2023.07.31"]
[SourceQuality "1"]

1. e4 e6 2. d4 d5 3. Nc3 Nf6 4. e5 Nfd7 5. f4 c5 6. Nf3 Nc6 7. Be3 Be7 8. Qd2 0-0 9. Be2 b6 10. 0-0 f5 11. h3 Bb7 12. Kh2 Rc8 13. Rg1 cxd4 14. Nxd4 Nxd4 15. Bxd4 Nc5 16. g4 Kh8 17. Rad1 Qe8 18. gxf5 Rxf5 19. Bg4 Rf8 20. Rdf1 h5 21. f5 exf5 22. Bxf5 Rxf5 23. Rxf5 Ne6 24. Ne2 Ba6 25. c3 Bc5 26. Bxc5 bxc5 27. Nf4 Nxf4 28. Qxf4 Bd3 29. Rf7 Qg8 30. e6 Re8 31. Rfxg7 Qxe6 32. Qg3 Bf5 33. Rh7+ 1-0

[Event "Anapa Sea Harbor op"]
[Site "Anapa"]
[Date "2023.06.06"]
[Round "5"]
[White "Lebedev, Artem S"]
[Black "Zubov, Iliya"]
[Result "1-0"]
[WhiteElo "1872"]
[BlackElo "1578"]
[PlyCount "136"]
[EventDate "2023.06.02"]
[EventType "swiss"]
[EventRounds "9"]
[EventCountry "RUS"]
[SourceTitle "CBM 214 Extra"]
[Source "ChessBase"]
[SourceDate "2023.07.31"]
[SourceVersion "1"]
[SourceVersionDate "2023.07.31"]
[SourceQuality "1"]

1. e4 c6 2. d4 d5 3. e5 Bf5 4. h4 h5 5. Bd3 Bxd3 6. Qxd3 Qa5+ 7. Nd2 Qa6 8. c4 e6 9. Ngf3 Ne7 10. 0-0 Nf5 11. Qc2 Be7 12. g3 0-0 13. a4 Qb6 14. c5 Qc7 15. b4 Nd7 16. Nb3 Rae8 17. Bf4 Qc8 18. Rfe1 Bd8 19. Qd3 f6 20. Ra2 Rf7 21. Rae2 Nf8 22. exf6 gxf6 23. Bd6 Bc7 24. Bxf8 Kxf8 25. Nbd2 Rg7 26. Nf1 Kf7 27. Ne3 Nh6 28. Qd2 Rg6 29. Ng2 Qb8 30. Qd3 Qc8 31. b5 Nf5 32. Ne3 Nh6 33. Ng2 Nf5 34. b6 axb6 35. cxb6 Bd6 36. Ne3 Nh6 37. a5 Qb8 38. a6 bxa6 39. Qxa6 Bxg3 40. fxg3 Qxg3+ 41. Rg2 Qxf3 42. Qa7+ Re7 43. b7 Rxg2+ 44. Nxg2 Ng4 45. b8Q Qf2+ 46. Kh1 Rxa7 47. Qxa7+ Kg6 48. Qb8 e5 49. Qb1+ e4 50. Qb8 Qxd4 51. Qg3 Kh7 52. Rf1 e3 53. Qf3 Qe5 54. Nf4 Kh6 55. Qg2 Qf5 56. Nh3 Qe5 57. Nf4 Qf5 58. Ne2 Nf2+ 59. Kg1 Qd3 60. Qf3 Ng4 61. Qf4+ Kg7 62. Qc7+ Kh6 63. Qf4+ Kg7 64. Ng3 e2 65. Re1 Ne5 66. Nxh5+ Kh7 67. Nxf6+ Kg7 68. Qxe5 Kh8 1-0

[Event "Titled Tuesday intern op 04th Oct Early"]
[Site "Chess.com INT"]
[Date "2022.10.04"]
[Round "8"]
[White "White, John S"]
[Black "Lebedev, Artem S"]
[Result "0-1"]
[WhiteElo "2235"]
[BlackElo "1824"]
[PlyCount "25"]
[EventDate "2022.10.04"]
[EventType "swiss (blitz)"]
[EventRounds "11"]
[EventCountry "USA"]
[SourceTitle "EXT 2023"]
[Source "ChessBase"]
[SourceDate "2022.10.05"]
[SourceVersion "1"]
[SourceVersionDate "2022.10.05"]
[SourceQuality "1"]

1. e4 e5 2. Nf3 Nc6 3. d4 exd4 4. Nxd4 Nf6 5. Nc3 Bb4 6. Bg5 h6 7. Bxf6 Qxf6 8. Ndb5 0-0 9. a3 Ba5 10. b4 Bb6 11. Qd2 a6 12. Bd3 axb5 13. Nxb5 0-1